000 00817nam a2200157 a 4500
008 120416s0000 ||||||||||||||||| || u
020 _a0814791735
050 _aHG 3881 Wil
100 _aWilliamson, John
245 1 4 _aThe failure of world monetary reforms, 1971-1974
260 _aNew York
_bUniversity press
_c1977
350 _a0.00
995 _aANNEX COLLECTION (Main Library)
_D0.00
_e712406
_FCBU-MAIN LIBRARY (Kitwe)
_H2
_I12.50
_jHG 3881 Wil
_M2
_UAVAILABLE
_y008026
_ZAnnex Low-Usage Collection
995 _aANNEX COLLECTION (Main Library)
_D0.00
_e712405
_FCBU-MAIN LIBRARY (Kitwe)
_H1
_I12.50
_jHG 3881 Wil
_M1
_UAVAILABLE
_y008027
_ZAnnex Low-Usage Collection
995 _aANNEX COLLECTION (Main Library)
_D0.00
_e712404
_FCBU-MAIN LIBRARY (Kitwe)
_H3
_I12.50
_jHG 3881 Wil
_M3
_UAVAILABLE
_y008025
_ZAnnex Low-Usage Collection
999 _c62980
_d62980